Analýza príčín zániku malých a stredných podnikov na Slovensku

Vývoj malých a stredných podnikov na Slovensku, čo do počtu a rozsahu činností má kolísavú tendenciu vývoja. Výskum príčin zániku malých a stredných podnikov. Na Slovensku sa ako predmet podnikania dlhodobo a najčastejšie volí obchod a súvisiace činnosti Pripravenie malých a stredných podnikateľov n...

Descrizione completa

Salvato in:
Dettagli Bibliografici
Autore principale: Strážovská, Helena
Altri autori: Strážovská, Ľubomíra
Natura: Capitolo di libro
Lingua:slovacco
Soggetti:
Tags: Aggiungi Tag
Nessun Tag, puoi essere il primo ad aggiungerne!!

MARC

LEADER 00000naa$a2200000$$$4500
001 0045884
005 20240502071530.8
041 0 |a slo 
044 |a SK 
245 1 0 |a Analýza príčín zániku malých a stredných podnikov na Slovensku  |c Helena Strážovská, Ľubomíra Strážovská 
520 |a Vývoj malých a stredných podnikov na Slovensku, čo do počtu a rozsahu činností má kolísavú tendenciu vývoja. Výskum príčin zániku malých a stredných podnikov. Na Slovensku sa ako predmet podnikania dlhodobo a najčastejšie volí obchod a súvisiace činnosti Pripravenie malých a stredných podnikateľov na využitie výsledkov vedy a výskumu v oblasti stratégie na prežitie. Bariéry rozvoja podnikania. 
610 2 0 |a podnik malý 
610 2 0 |a podnik stredný 
610 2 0 |a podnikanie 
610 2 0 |a Slovensko 
610 2 0 |a vývoj 
100 1 |a Strážovská, Helena 
700 1 |a Strážovská, Ľubomíra